[Event "Komarom Esztergom County-chT"]
[Site "Hungary"]
[Date "2013.03.10"]
[Round "7.3"]
[White "Eros, Gyorgy"]
[Black "Papp, Gabor1111"]
[Result "0-1"]
[WhiteElo "1989"]
[BlackElo "1918"]
[PlyCount "130"]
[EventDate "2012.09.29"]
[EventType "team-tourn"]
[EventRounds "10"]
[EventCountry "HUN"]
[SourceTitle "EXT 2014"]
[Source "ChessBase"]
[SourceDate "2013.11.20"]
[SourceVersion "1"]
[SourceVersionDate "2013.11.20"]
[SourceQuality "1"]
[WhiteTeam "Almasfuezito"]
[BlackTeam "Acsi Kinizsi SC"]
[WhiteTeamCountry "HUN"]
[BlackTeamCountry "HUN"]

1. d4 d5 2. Nf3 Nf6 3. Bf4 c5 4. c3 e6 5. e3 Nc6 6. Nbd2 a6 7. Bd3 cxd4 8. exd4 Bd6 9. Bg5 h6 10. Bh4 g5 11. Bg3 Nh5 12. Qe2 Nxg3 13. hxg3 Qe7 14. Ne5 Bxe5 15. dxe5 f5 16. exf6 Qxf6 17. Qh5+ Kd8 18. 0-0-0 Qxf2 19. Rhf1 Qxg3 20. Nb3 Bd7 21. Kb1 b6 22. c4 Kc7 23. cxd5 exd5 24. Bf5 Raf8 25. Qg6 Rxf5 26. Rxf5 Bxf5+ 27. Qxf5 Qe5 28. Rxd5 Qxf5+ 29. Rxf5 Ne7 30. Rf7 Kd7 31. Nd4 Kd6 32. Rg7 Kd5 33. Rxe7 Kxd4 34. g4 a5 35. Kc2 b5 36. Kb3 Rf8 37. Re6 Rf3+ 38. Kc2 Rh3 39. a3 b4 40. axb4 axb4 41. Rb6 Kc5 42. Rb8 Rg3 43. Rc8+ Kd5 44. Rh8 b3+ 45. Kd2 Rh3 46. Rd8+ Ke5 47. Rc8 Kf4 48. Rc4+ Kg3 49. Kc3 Rh4 50. Kxb3 Rxg4 51. Kc3 Rxc4+ 52. Kxc4 Kf3 53. b4 g4 54. b5 g3 55. b6 g2 56. b7 g1Q 57. b8Q Qc1+ 58. Kd5 Qd2+ 59. Ke6 Qe3+ 60. Kf5 Qe4+ 61. Kf6 h5 62. Qb3+ Kf4 63. Qh3 Qe5+ 64. Kg6 Qg5+ 65. Kh7 Qf5+ 0-1

[Event "Balatonalmadi Pannonia Cup 12th"]
[Site "Balatonalmadi"]
[Date "2007.08.04"]
[Round "6"]
[White "Eros, Gyorgy"]
[Black "Baranyai, Szabolcs Jr"]
[Result "0-1"]
[WhiteElo "2097"]
[BlackElo "2285"]
[PlyCount "64"]
[EventDate "2007.08.01"]
[EventType "swiss"]
[EventRounds "7"]
[EventCountry "HUN"]
[SourceTitle "EXT 2016"]
[Source "ChessBase"]
[SourceDate "2015.10.08"]
[SourceVersion "1"]
[SourceVersionDate "2015.10.08"]
[SourceQuality "1"]

1. d4 d5 2. Nf3 Nf6 3. Bf4 c5 4. c3 cxd4 5. cxd4 Nc6 6. e3 Qb6 7. Nbd2 Qxb2 8. Rb1 Qc3 9. Bb5 Bd7 10. 0-0 e6 11. Qe2 Qa5 12. Rfc1 Ba3 13. Rc2 0-0 14. Ne5 Rac8 15. Bg5 Nxe5 16. Rxc8 Bxc8 17. Bxf6 Ng6 18. Be5 Nxe5 19. dxe5 Qc7 20. f4 Bd7 21. Bd3 Rc8 22. Nf3 Be7 23. g4 a6 24. Kf2 b5 25. h4 Qa5 26. g5 Rc3 27. h5 Qa3 28. Rd1 Bc5 29. g6 fxg6 30. hxg6 h6 31. Nh4 Qa4 32. Kg3 Bxe3 0-1

[Event "HUN-chT2 Breyer 0506"]
[Site "Hungary"]
[Date "2006.04.09"]
[Round "10"]
[White "Eros, Gyorgy"]
[Black "To, Nhat Minh"]
[Result "1/2-1/2"]
[WhiteElo "2106"]
[BlackElo "2155"]
[PlyCount "30"]
[EventDate "2005.10.16"]
[EventType "team"]
[EventRounds "11"]
[EventCountry "HUN"]
[SourceTitle "EXT 2009"]
[Source "ChessBase"]
[SourceDate "2008.11.26"]
[SourceVersion "1"]
[SourceVersionDate "2008.11.26"]
[SourceQuality "1"]
[WhiteTeam "Vertesi Eromu"]
[BlackTeam "Barcza"]
[WhiteTeamCountry "HUN"]
[BlackTeamCountry "HUN"]

1. d4 Nf6 2. Nf3 e6 3. Bf4 c5 4. c3 b6 5. Nbd2 Bb7 6. Qc2 cxd4 7. cxd4 Nc6 8. a3 Nd5 9. Bg3 f5 10. e4 Rc8 11. Qa4 fxe4 12. Nxe4 Be7 13. Bd3 0-0 14. 0-0 Nf4 15. Ba6 Bxa6 1/2-1/2

[Event "HUN-chT2 Breyer 0506"]
[Site "Hungary"]
[Date "2006.01.22"]
[Round "6"]
[White "Eros, Gyorgy"]
[Black "Dekany, Lajos"]
[Result "0-1"]
[WhiteElo "2106"]
[BlackElo "2135"]
[PlyCount "66"]
[EventDate "2005.10.16"]
[EventType "team"]
[EventRounds "11"]
[EventCountry "HUN"]
[SourceTitle "EXT 2009"]
[Source "ChessBase"]
[SourceDate "2008.11.26"]
[SourceVersion "1"]
[SourceVersionDate "2008.11.26"]
[SourceQuality "1"]
[WhiteTeam "Vertesi Eromu"]
[BlackTeam "Kisber Aszar"]
[WhiteTeamCountry "HUN"]
[BlackTeamCountry "HUN"]

1. d4 c5 2. c3 e6 3. Bf4 Nc6 4. Nf3 Nf6 5. e3 Qb6 6. Qc2 d5 7. Nbd2 Bd7 8. Be2 Rc8 9. Rc1 Be7 10. 0-0 0-0 11. Rfe1 h6 12. Ne5 cxd4 13. Nxc6 bxc6 14. exd4 c5 15. Be5 cxd4 16. Bxd4 Qc7 17. g3 Bd6 18. Ba6 Rb8 19. Nf3 Ne4 20. Bd3 f5 21. Nh4 e5 22. Be3 f4 23. f3 fxe3 24. fxe4 Rf2 25. Re2 Rxe2 26. Qxe2 Qb6 27. b3 Bh3 28. exd5 Rf8 29. Nf3 g5 30. Re1 g4 31. Nh4 Rf2 32. Qd1 e2 33. Bh7+ Kg7 0-1

[Event "HUN-chT2 Breyer 0405"]
[Site "Hungary"]
[Date "2004.12.19"]
[Round "5"]
[White "Eros, Gyorgy"]
[Black "D Albini, Geza"]
[Result "0-1"]
[WhiteElo "2071"]
[BlackElo "2126"]
[PlyCount "44"]
[EventDate "2004.09.26"]
[EventType "team"]
[EventRounds "11"]
[EventCountry "HUN"]
[SourceTitle "EXT 2009"]
[Source "ChessBase"]
[SourceDate "2008.11.26"]
[SourceVersion "1"]
[SourceVersionDate "2008.11.26"]
[SourceQuality "1"]
[WhiteTeam "Vertesi Eromu"]
[BlackTeam "Vizugy II"]
[WhiteTeamCountry "HUN"]
[BlackTeamCountry "HUN"]

1. d4 c5 2. c3 e6 3. Nf3 d5 4. Bf4 Nc6 5. e3 Qb6 6. Qc2 Nf6 7. Nbd2 Bd7 8. Be2 Rc8 9. 0-0 Be7 10. Rad1 0-0 11. Be5 Ng4 12. dxc5 Bxc5 13. Ng5 f5 14. Bd4 Bxd4 15. exd4 Nxd4 16. Qd3 Nxe2+ 17. Qxe2 h6 18. Ngf3 Bb5 19. c4 dxc4 20. a4 Ba6 21. h3 c3 22. Qe1 cxd2 0-1

[Event "HUN-chT 0304"]
[Site "Hungary"]
[Date "2004.04.18"]
[Round "11"]
[White "Eros, Gyorgy"]
[Black "Anka, Emil"]
[Result "1/2-1/2"]
[WhiteElo "2407"]
[BlackElo "2427"]
[PlyCount "30"]
[EventDate "2003.09.28"]
[EventType "team"]
[EventRounds "11"]
[EventCountry "HUN"]
[SourceTitle "EXT 2006"]
[Source "ChessBase"]
[SourceDate "2005.11.24"]
[SourceVersion "1"]
[SourceVersionDate "2005.11.24"]
[SourceQuality "1"]

1. e4 e5 2. Nf3 Nc6 3. Bb5 a6 4. Ba4 Nf6 5. 0-0 Be7 6. Re1 b5 7. Bb3 d6 8. c3 0-0 9. h3 Na5 10. Bc2 c5 11. d4 Qc7 12. Nbd2 Re8 13. Nf1 g6 14. Ne3 Bf8 15. dxe5 dxe5 1/2-1/2

[Event "HUN-chT2 Charousek 0304"]
[Site "Hungary"]
[Date "2004.04.18"]
[Round "11"]
[White "Kahn, Evarth"]
[Black "Eros, Gyorgy"]
[Result "1-0"]
[WhiteElo "2292"]
[BlackElo "2094"]
[PlyCount "95"]
[EventDate "2003.09.28"]
[EventType "team"]
[EventRounds "11"]
[EventCountry "HUN"]
[SourceTitle "EXT 2005"]
[Source "ChessBase"]
[SourceDate "2004.11.15"]
[SourceVersion "1"]
[SourceVersionDate "2004.11.15"]
[SourceQuality "1"]

1. d4 e6 2. c4 d5 3. Nc3 Nf6 4. Bg5 Nbd7 5. e3 Be7 6. Nf3 0-0 7. Qc2 c5 8. dxc5 dxc4 9. c6 Nb6 10. Ne5 Nfd5 11. Bxe7 Qxe7 12. Nxc4 bxc6 13. a3 Nxc4 14. Bxc4 Nxe3 15. Qe4 Nxc4 16. Qxc4 a5 17. Qe4 Ba6 18. 0-0-0 Rfd8 19. Qxc6 Bb7 20. Rxd8+ Rxd8 21. Qb5 Bxg2 22. Rg1 Bf3 23. Qxa5 Qd6 24. Qg5 g6 25. Rg3 Bd1 26. Ne4 Rc8+ 27. Rc3 Rxc3+ 28. Nxc3 Bb3 29. Qg3 e5 30. Qf3 h5 31. Qb7 Be6 32. a4 Bf5 33. Qd5 Qf6 34. b4 Qg5+ 35. Qd2 Qg4 36. b5 Qc4 37. Qd8+ Kg7 38. Qd2 Qf1+ 39. Kb2 Qc4 40. Qe3 f6 41. b6 Bd3 42. Na2 Qc2+ 43. Ka3 Bc4 44. Nb4 Qd1 45. Qc3 Bf7 46. a5 e4 47. a6 Be8 48. b7 1-0

[Event "Budapest-ch rap"]
[Site "Budapest"]
[Date "1996.??.??"]
[Round "?"]
[White "Eros, Gyorgy"]
[Black "Adorjan, Andras"]
[Result "1/2-1/2"]
[WhiteElo "2395"]
[BlackElo "2415"]
[PlyCount "57"]
[EventDate "1996.??.??"]
[EventType "swiss"]
[EventRounds "7"]
[EventCountry "HUN"]
[SourceTitle "EXT 2006"]
[Source "ChessBase"]
[SourceDate "2005.11.24"]
[SourceVersion "1"]
[SourceVersionDate "2005.11.24"]
[SourceQuality "1"]

1. Nf3 c5 2. c4 Nc6 3. Nc3 g6 4. d4 cxd4 5. Nxd4 Bg7 6. Nc2 Nf6 7. g3 0-0 8. Bg2 d6 9. 0-0 Qa5 10. Bd2 Qh5 11. e4 Qxd1 12. Rfxd1 Ne5 13. Ne3 Be6 14. Ncd5 Bxd5 15. exd5 Nfg4 16. Rac1 Nxe3 17. Bxe3 Ng4 18. Bg5 Bxb2 19. Rb1 Bf6 20. Bxf6 Nxf6 21. Rxb7 Rfc8 22. Bf1 Kf8 23. Re1 Ng8 24. Reb1 Rc5 25. R1b5 Rcc8 26. Ra5 Nf6 27. Raxa7 Rxa7 28. Rxa7 Ne4 29. a4 1/2-1/2